[Event "Deutsche Ländermeisterschaft 2019"]
[Site "Würzburg GER"]
[Date "2019.10.05"]
[Round "6"]
[White "Riehle, Marco"]
[Black "Holinka, Henning"]
[Result "1-0"]
[Termination "normal"]
[Board "7.2"]
[WhiteTitle "FM"]
[WhiteElo "2309"]
[BlackElo "2101"]
[WhiteClock "01:20:51"]
[BlackClock "00:15:48"]
[WhiteTeam "Baden 2"]
[BlackTeam "SG Hamburg/Schleswig-Holstein"]
[PlyCount "101"]
[WhiteFideId "12904392"]
[BlackFideId "12967084"]
[EventCountry "GER"]
[EventRounds "7"]
[EventType "team-swiss"]
[EventDate "2019.10.01"]

1. e4 {[%clk 1:30:34]} g6 {[%clk 1:30:53]} 2. d4 {[%clk 1:30:13]} Bg7 {[%clk
1:31:14]} 3. c4 {[%clk 1:30:40]} d6 {[%clk 1:31:20]} 4. Nc3 {[%clk 1:31:06]} e5
{[%clk 1:31:44]} 5. d5 {[%clk 1:30:48]} f5 {[%clk 1:19:42]} 6. exf5 {[%clk
1:30:51]} gxf5 {[%clk 1:17:50]} 7. Qh5+ {[%clk 1:30:08]} Kf8 {[%clk 1:16:20]}
8. f4 {[%clk 1:30:03]} Nf6 {[%clk 1:05:54]} 9. Qe2 {[%clk 1:30:08]} e4 {[%clk
1:01:11]} 10. Bd2 {[%clk 1:27:51]} Na6 {[%clk 0:53:25]} 11. O-O-O {[%clk
1:26:53]} Nc5 {[%clk 0:49:43]} 12. h3 {[%clk 1:26:13]} Qe8 {[%clk 0:45:36]} 13.
Qe3 {[%clk 1:24:33]} Bd7 {[%clk 0:40:03]} 14. Nge2 {[%clk 1:20:55]} b5 {[%clk
0:30:29]} 15. Nd4 {[%clk 1:19:14]} bxc4 {[%clk 0:22:45]} 16. Bxc4 {[%clk
1:19:04]} Rb8 {[%clk 0:22:33]} 17. g4 {[%clk 1:18:02]} Rb4 {[%clk 0:19:08]} 18.
b3 Qb8 {[%clk 0:16:57]} 19. Kc2 {[%clk 1:04:19]} Nd3 {[%clk 0:13:05]} 20. Rb1
{[%clk 1:03:26]} Qb6 {[%clk 0:11:24]} 21. Nxf5 {[%clk 1:00:45]} Bxf5 {[%clk
0:09:02]} 22. Qxb6 {[%clk 1:00:51]} Rxb6 {[%clk 0:07:48]} 23. gxf5 {[%clk
1:01:14]} Nb4+ {[%clk 0:06:03]} 24. Kd1 {[%clk 1:01:22]} Kf7 {[%clk 0:05:26]}
25. Ke2 {[%clk 1:00:57]} Nc2 {[%clk 0:05:10]} 26. Kf2 {[%clk 0:58:26]} Re8
{[%clk 0:04:23]} 27. Nd1 {[%clk 0:57:08]} e3+ {[%clk 0:04:23]} 28. Bxe3 {[%clk
0:56:29]} Ne4+ {[%clk 0:03:18]} 29. Kg2 {[%clk 0:56:25]} Nxe3+ {[%clk 0:01:58]}
30. Nxe3 {[%clk 0:56:49]} Nc3 {[%clk 0:01:38]} 31. Rbe1 {[%clk 0:57:13]} Nxa2
{[%clk 0:01:56]} 32. Ng4 {[%clk 0:56:36]} Rbb8 {[%clk 0:01:53]} 33. Re6 {[%clk
0:54:04]} h5 {[%clk 0:01:33]} 34. Nf2 {[%clk 0:53:42]} Nc3 {[%clk 0:01:40]} 35.
Rhe1 {[%clk 0:52:42]} Bf6 {[%clk 0:01:41]} 36. Kf3 {[%clk 0:51:43]} Rg8 {[%clk
0:01:54]} 37. R1e3 {[%clk 0:51:38]} Bh4 {[%clk 0:01:46]} 38. Ng4 {[%clk
0:49:01]} hxg4+ {[%clk 0:01:40]} 39. hxg4 {[%clk 0:49:27]} Nd1 {[%clk 0:01:13]}
40. Re2 {[%clk 0:49:53]} Nc3 {[%clk 0:00:44]} 41. Rh2 {[%clk 0:49:42]} Rh8
{[%clk 0:28:05]} 42. g5 {[%clk 1:20:15]} Rh5 {[%clk 0:20:43]} 43. f6 {[%clk
1:19:31]} Rbh8 {[%clk 0:14:36]} 44. Re7+ {[%clk 1:19:33]} Kf8 {[%clk 0:14:23]}
45. Rxc7 {[%clk 1:19:53]} Bxg5 {[%clk 0:14:46]} 46. Rc8+ {[%clk 1:20:12]} Kf7
{[%clk 0:15:11]} 47. Rxh8 {[%clk 1:20:38]} Rxh2 {[%clk 0:15:21]} 48. Rxh2
{[%clk 1:20:50]} Bxf6 {[%clk 0:15:48]} 49. Ke3 {[%clk 1:20:19]} Bg7 {[%clk
0:15:32]} 50. Kd3 {[%clk 1:20:38]} Nd1 {[%clk 0:15:48]} 51. Ra2 {[%clk
1:20:51]} 1-0

[Event "Deutsche Ländermeisterschaft 2019"]
[Site "Würzburg GER"]
[Date "2019.10.05"]
[Round "6"]
[White "Grining, Maria"]
[Black "Hubert, Charlotte"]
[Result "1/2-1/2"]
[Termination "normal"]
[Board "7.6"]
[WhiteElo "1801"]
[BlackElo "1341"]
[WhiteClock "00:02:28"]
[BlackClock "00:08:23"]
[WhiteTeam "Baden 2"]
[BlackTeam "SG Hamburg/Schleswig-Holstein"]
[PlyCount "86"]
[WhiteFideId "16235037"]
[BlackFideId "16265920"]
[EventCountry "GER"]
[EventRounds "7"]
[EventType "team-swiss"]
[EventDate "2019.10.01"]

1. d4 {[%clk 1:30:58]} d5 {[%clk 1:30:52]} 2. Nf3 {[%clk 1:31:23]} Nf6 {[%clk
1:31:10]} 3. c4 {[%clk 1:31:46]} e6 {[%clk 1:31:27]} 4. Nc3 {[%clk 1:32:06]}
Be7 {[%clk 1:31:34]} 5. e3 {[%clk 1:32:15]} O-O {[%clk 1:31:08]} 6. b3 {[%clk
1:32:03]} b6 {[%clk 1:29:58]} 7. Bd3 {[%clk 1:32:08]} Bb7 {[%clk 1:28:47]} 8.
O-O {[%clk 1:32:16]} Nbd7 {[%clk 1:27:53]} 9. Bb2 {[%clk 1:32:23]} c5 {[%clk
1:26:00]} 10. Re1 {[%clk 1:27:23]} Rc8 {[%clk 1:24:04]} 11. cxd5 {[%clk
1:22:54]} exd5 {[%clk 1:22:28]} 12. e4 {[%clk 1:16:59]} dxe4 {[%clk 1:11:55]}
13. Nxe4 {[%clk 1:16:43]} Nxe4 {[%clk 1:10:15]} 14. Bxe4 {[%clk 1:17:03]} Bxe4
15. Rxe4 {[%clk 1:17:25]} Nf6 {[%clk 1:07:27]} 16. Re2 {[%clk 1:16:57]} cxd4
17. Nxd4 {[%clk 1:15:03]} Bc5 {[%clk 0:59:54]} 18. Nf5 {[%clk 0:54:06]} Qxd1+
{[%clk 0:57:31]} 19. Rxd1 {[%clk 0:54:31]} Rcd8 {[%clk 0:57:18]} 20. Rde1
{[%clk 0:47:28]} Bb4 {[%clk 0:51:34]} 21. Bxf6 {[%clk 0:41:56]} gxf6 {[%clk
0:51:31]} 22. Rc1 {[%clk 0:39:57]} Rfe8 {[%clk 0:50:19]} 23. Rxe8+ {[%clk
0:31:27]} Rxe8 {[%clk 0:50:26]} 24. Ne3 {[%clk 0:30:54]} Bc5 {[%clk 0:43:52]}
25. Re1 {[%clk 0:25:02]} Bxe3 {[%clk 0:43:52]} 26. fxe3 {[%clk 0:23:20]} Rc8
{[%clk 0:42:36]} 27. Kf2 {[%clk 0:20:22]} Kf8 {[%clk 0:41:26]} 28. Re2 {[%clk
0:20:19]} Ke7 {[%clk 0:41:20]} 29. Kf3 {[%clk 0:19:13]} Ke6 {[%clk 0:40:36]}
30. Kf4 {[%clk 0:17:10]} Rc5 {[%clk 0:33:26]} 31. e4 {[%clk 0:15:30]} Kd6
{[%clk 0:18:28]} 32. Rd2+ {[%clk 0:15:11]} Ke6 {[%clk 0:17:51]} 33. Re2 {[%clk
0:13:37]} a5 {[%clk 0:14:59]} 34. h3 {[%clk 0:10:38]} b5 {[%clk 0:14:22]} 35.
a3 {[%clk 0:08:11]} Rc3 {[%clk 0:12:12]} 36. Re3 {[%clk 0:08:17]} Rc2 {[%clk
0:11:19]} 37. g4 {[%clk 0:04:48]} Ra2 {[%clk 0:10:59]} 38. b4 {[%clk 0:03:53]}
axb4 {[%clk 0:11:20]} 39. axb4 {[%clk 0:04:21]} Rb2 {[%clk 0:11:40]} 40. Rc3
{[%clk 0:04:02]} Rxb4 {[%clk 0:11:27]} 41. Rc6+ {[%clk 0:03:32]} Ke7 {[%clk
0:10:49]} 42. Rc7+ {[%clk 0:02:26]} Ke6 {[%clk 0:08:23]} 43. Rc6+ {[%clk
0:02:28]} Ke5+ 1/2-1/2

[Event "Deutsche Ländermeisterschaft 2019"]
[Site "Würzburg GER"]
[Date "2019.10.05"]
[Round "6"]
[White "Haug, Mara"]
[Black "Ruhmke, Rebecca"]
[Result "1-0"]
[Termination "normal"]
[Board "7.8"]
[WhiteElo "1508"]
[BlackElo "1404"]
[WhiteClock "00:03:00"]
[BlackClock "00:00:34"]
[WhiteTeam "Baden 2"]
[BlackTeam "SG Hamburg/Schleswig-Holstein"]
[PlyCount "83"]
[WhiteFideId "16259300"]
[BlackFideId "16235991"]
[EventCountry "GER"]
[EventRounds "7"]
[EventType "team-swiss"]
[EventDate "2019.10.01"]

1. e4 {[%clk 1:30:59]} d5 {[%clk 1:30:50]} 2. exd5 {[%clk 1:31:24]} Nf6 {[%clk
1:31:15]} 3. Nf3 {[%clk 1:31:45]} Nxd5 {[%clk 1:31:22]} 4. d4 {[%clk 1:32:04]}
Bf5 {[%clk 1:22:31]} 5. Be2 {[%clk 1:28:25]} Nc6 {[%clk 1:17:01]} 6. c4 {[%clk
1:26:46]} Ndb4 {[%clk 1:14:45]} 7. Na3 {[%clk 1:25:16]} e6 {[%clk 1:13:59]} 8.
O-O {[%clk 1:20:58]} Be7 {[%clk 1:11:33]} 9. b3 {[%clk 1:12:55]} Bf6 {[%clk
1:09:26]} 10. Bb2 {[%clk 1:11:13]} O-O {[%clk 1:04:26]} 11. Qd2 {[%clk
1:05:46]} Qd6 {[%clk 0:57:43]} 12. Rfd1 {[%clk 0:56:10]} Rad8 {[%clk 0:55:48]}
13. Bc3 {[%clk 0:52:10]} Rd7 {[%clk 0:53:30]} 14. c5 {[%clk 0:51:07]} Qe7
{[%clk 0:52:54]} 15. Bxb4 {[%clk 0:50:13]} a6 {[%clk 0:47:39]} 16. Bc3 {[%clk
0:47:07]} b6 {[%clk 0:40:07]} 17. Qb2 {[%clk 0:44:30]} b5 {[%clk 0:39:46]} 18.
Nc2 {[%clk 0:42:11]} Be4 {[%clk 0:38:11]} 19. a4 {[%clk 0:38:02]} Rb8 {[%clk
0:37:17]} 20. axb5 {[%clk 0:36:27]} axb5 {[%clk 0:37:17]} 21. Nb4 {[%clk
0:34:51]} Nxb4 {[%clk 0:37:18]} 22. Bxb4 {[%clk 0:33:12]} c6 {[%clk 0:37:33]}
23. Qd2 {[%clk 0:27:43]} Bd5 {[%clk 0:37:39]} 24. Ra3 {[%clk 0:25:38]} Rbb7
{[%clk 0:33:07]} 25. Ne5 {[%clk 0:22:36]} Bxe5 {[%clk 0:29:59]} 26. dxe5 {[%clk
0:22:58]} g6 {[%clk 0:26:43]} 27. Qe3 {[%clk 0:18:42]} Ra7 {[%clk 0:23:36]} 28.
h3 {[%clk 0:17:40]} Rxa3 {[%clk 0:23:22]} 29. Bxa3 {[%clk 0:18:04]} Ra7 {[%clk
0:23:44]} 30. Ra1 {[%clk 0:17:54]} Ra6 {[%clk 0:22:52]} 31. Bb2 {[%clk
0:17:14]} Rxa1+ {[%clk 0:17:26]} 32. Bxa1 {[%clk 0:17:34]} Qa7 {[%clk 0:16:45]}
33. Bd4 {[%clk 0:12:44]} Qa3 {[%clk 0:14:39]} 34. Bd1 {[%clk 0:12:24]} Qb4
{[%clk 0:10:54]} 35. Qc3 {[%clk 0:11:27]} Qa3 {[%clk 0:06:02]} 36. Kh2 {[%clk
0:10:35]} Qa8 {[%clk 0:01:44]} 37. Qa1 {[%clk 0:09:45]} Qd8 {[%clk 0:01:21]}
38. Be3 {[%clk 0:08:17]} Kg7 {[%clk 0:01:17]} 39. Qc1 {[%clk 0:07:17]} Qh4
{[%clk 0:00:47]} 40. Qd2 {[%clk 0:05:01]} Qe4 {[%clk 0:00:49]} 41. f3 {[%clk
0:03:00]} Qh4 {[%clk 0:00:34]} 42. Bg5 1-0

[Event "Deutsche Ländermeisterschaft 2019"]
[Site "Würzburg GER"]
[Date "2019.10.05"]
[Round "6"]
[White "Philipp, Mathias"]
[Black "Wendler, David"]
[Result "1/2-1/2"]
[Termination "normal"]
[Board "8.1"]
[WhiteElo "2063"]
[BlackElo "2077"]
[WhiteClock "00:10:24"]
[BlackClock "00:03:36"]
[WhiteTeam "Thüringen"]
[BlackTeam "Team Süd"]
[PlyCount "124"]
[WhiteFideId "12958883"]
[BlackFideId "12938360"]
[EventCountry "GER"]
[EventRounds "7"]
[EventType "team-swiss"]
[EventDate "2019.10.01"]

1. d4 {[%clk 1:30:57]} Nf6 {[%clk 1:30:38]} 2. Nf3 {[%clk 1:31:22]} g6 {[%clk
1:30:28]} 3. Nc3 {[%clk 1:31:48]} Bg7 {[%clk 1:27:01]} 4. e4 {[%clk 1:31:42]}
d6 {[%clk 1:26:44]} 5. Be3 {[%clk 1:30:58]} Nc6 {[%clk 1:19:21]} 6. Qd2 {[%clk
1:28:02]} Bg4 {[%clk 1:07:04]} 7. Be2 {[%clk 1:24:43]} Bxf3 {[%clk 1:07:17]} 8.
Bxf3 {[%clk 1:25:07]} e5 {[%clk 1:07:29]} 9. dxe5 {[%clk 1:22:52]} Nxe5 {[%clk
1:04:14]} 10. Be2 {[%clk 1:23:16]} O-O {[%clk 1:03:22]} 11. O-O {[%clk
1:14:06]} Re8 {[%clk 1:01:10]} 12. f3 {[%clk 1:10:51]} a6 {[%clk 0:54:07]} 13.
a4 {[%clk 1:08:46]} Qd7 {[%clk 0:47:58]} 14. Nd5 {[%clk 0:51:40]} Nxd5 {[%clk
0:41:52]} 15. Qxd5 {[%clk 0:51:06]} Nc6 {[%clk 0:33:17]} 16. c3 {[%clk
0:47:57]} Qe6 {[%clk 0:30:15]} 17. Bc4 {[%clk 0:46:12]} Ne5 {[%clk 0:28:46]}
18. Ba2 {[%clk 0:39:35]} Qxd5 {[%clk 0:28:54]} 19. Bxd5 {[%clk 0:39:59]} c6
{[%clk 0:26:02]} 20. Bb3 {[%clk 0:38:45]} Nd3 {[%clk 0:22:44]} 21. Rab1 {[%clk
0:30:51]} d5 {[%clk 0:22:55]} 22. Rfd1 {[%clk 0:27:09]} dxe4 {[%clk 0:23:09]}
23. fxe4 {[%clk 0:27:33]} Rad8 {[%clk 0:19:39]} 24. Bb6 {[%clk 0:27:35]} Rd7
{[%clk 0:20:03]} 25. Bc2 {[%clk 0:23:49]} Ne5 {[%clk 0:20:25]} 26. Bd4 {[%clk
0:22:53]} Red8 {[%clk 0:15:49]} 27. Bxe5 {[%clk 0:23:05]} Bxe5 {[%clk 0:16:06]}
28. Rxd7 {[%clk 0:23:30]} Rxd7 {[%clk 0:16:30]} 29. Rd1 {[%clk 0:23:55]} Re7
{[%clk 0:11:02]} 30. Kf2 {[%clk 0:19:55]} h5 {[%clk 0:11:16]} 31. Kf3 {[%clk
0:18:46]} Kg7 {[%clk 0:10:44]} 32. g3 {[%clk 0:18:15]} b5 {[%clk 0:09:05]} 33.
axb5 {[%clk 0:17:30]} axb5 {[%clk 0:08:56]} 34. Rd8 {[%clk 0:11:12]} b4 {[%clk
0:05:32]} 35. cxb4 {[%clk 0:10:19]} Rb7 {[%clk 0:05:20]} 36. Rc8 {[%clk
0:09:28]} Rxb4 {[%clk 0:04:56]} 37. Rxc6 {[%clk 0:09:27]} Rxb2 {[%clk 0:04:56]}
38. Rc5 {[%clk 0:09:51]} Kf6 {[%clk 0:03:56]} 39. Rc6+ {[%clk 0:09:38]} Kg7
{[%clk 0:04:17]} 40. Rc5 {[%clk 0:10:01]} f6 {[%clk 0:04:05]} 41. Kg2 {[%clk
0:04:29]} Ra2 {[%clk 0:02:55]} 42. Rc4 {[%clk 0:04:46]} Kh6 {[%clk 0:02:51]}
43. Kh3 {[%clk 0:22:23]} Ra3 {[%clk 0:31:05]} 44. Kg2 {[%clk 0:22:03]} Kg5
{[%clk 0:30:34]} 45. Bd1 {[%clk 0:18:59]} h4 {[%clk 0:23:02]} 46. gxh4+ {[%clk
0:18:32]} Kxh4 {[%clk 0:23:16]} 47. Rc8 {[%clk 0:18:14]} Ra2+ {[%clk 0:23:17]}
48. Rc2 {[%clk 0:18:35]} Ra4 {[%clk 0:21:38]} 49. Re2 {[%clk 0:18:12]} Ra3
{[%clk 0:21:41]} 50. Rf2 {[%clk 0:17:53]} Rh3 {[%clk 0:19:13]} 51. Kh1 {[%clk
0:18:22]} g5 {[%clk 0:18:49]} 52. Rg2 {[%clk 0:16:11]} Re3 {[%clk 0:17:48]} 53.
Re2 {[%clk 0:16:22]} Rd3 {[%clk 0:12:29]} 54. Bc2 {[%clk 0:13:33]} Rh3 {[%clk
0:11:38]} 55. Ba4 {[%clk 0:13:29]} g4 {[%clk 0:11:36]} 56. Kg1 {[%clk 0:10:56]}
Ra3 {[%clk 0:09:41]} 57. Bd1 {[%clk 0:10:53]} Rd3 {[%clk 0:10:03]} 58. Bc2
{[%clk 0:11:17]} Ra3 {[%clk 0:08:19]} 59. Bd1 {[%clk 0:11:41]} Ra1 {[%clk
0:07:54]} 60. Rd2 {[%clk 0:12:04]} Bf4 {[%clk 0:06:09]} 61. Rd7 {[%clk
0:11:56]} Bh6 {[%clk 0:03:59]} 62. Kf2 {[%clk 0:10:24]} Ra3 {[%clk 0:03:36]}
1/2-1/2

[Event "Deutsche Ländermeisterschaft 2019"]
[Site "Würzburg GER"]
[Date "2019.10.05"]
[Round "6"]
[White "Grund, Sebastian"]
[Black "Jakob, Georg"]
[Result "0-1"]
[Termination "normal"]
[Board "8.3"]
[WhiteElo "2054"]
[BlackElo "1952"]
[WhiteClock "00:00:36"]
[BlackClock "00:10:09"]
[WhiteTeam "Thüringen"]
[BlackTeam "Team Süd"]
[PlyCount "80"]
[WhiteFideId "12988626"]
[BlackFideId "16224221"]
[EventCountry "GER"]
[EventRounds "7"]
[EventType "team-swiss"]
[EventDate "2019.10.01"]

1. d4 Nf6 2. Nf3 e6 3. c4 Bb4+ 4. Bd2 c5 5. Bxb4 cxb4 6. g3 O-O 7. Bg2 d6 8.
O-O Nc6 9. Nbd2 e5 10. d5 Nb8 11. Ne1 a5 12. Nd3 Na6 13. e4 Nd7 14. a3 Qb6 15.
Kh1 Ndc5 16. Nxc5 Nxc5 17. f4 Nd3 18. Qe2 Nxb2 19. fxe5 dxe5 20. axb4 Qxb4 21.
Rfb1 Qc3 22. Nf3 Nd3 23. Bf1 Bg4 24. Qe3 Nf2+ 25. Qxf2 Bxf3+ 26. Bg2 Bxg2+ 27.
Qxg2 Qxc4 28. Rxb7 Qd4 29. Rf1 Rab8 30. Rxb8 Rxb8 31. Qf3 Kh8 32. Rd1 Qa4 33.
d6 Qd7 34. Qa3 a4 35. Rc1 h6 36. Rd1 Qg4 37. Qd3 Rb3 38. Qd5 Qf3+ 39. Kg1 Rb2
40. Qa8+ Kh7 {normal} 0-1

[Event "Deutsche Ländermeisterschaft 2019"]
[Site "Würzburg GER"]
[Date "2019.10.05"]
[Round "6"]
[White "Nguyen, Ha Thanh"]
[Black "Lederer, Leia"]
[Result "1/2-1/2"]
[Termination "normal"]
[Board "8.5"]
[WhiteElo "2016"]
[BlackElo "1750"]
[WhiteClock "00:02:25"]
[BlackClock "00:01:39"]
[WhiteTeam "Thüringen"]
[BlackTeam "Team Süd"]
[PlyCount "77"]
[WhiteFideId "12942154"]
[BlackFideId "12926353"]
[EventCountry "GER"]
[EventRounds "7"]
[EventType "team-swiss"]
[EventDate "2019.10.01"]

1. e4 {[%clk 1:30:58]} e5 {[%clk 1:30:56]} 2. Nf3 {[%clk 1:31:23]} Nc6 {[%clk
1:31:22]} 3. Bc4 {[%clk 1:31:48]} Nf6 {[%clk 1:31:43]} 4. d3 {[%clk 1:32:13]}
Bc5 {[%clk 1:32:04]} 5. c3 {[%clk 1:32:36]} d6 {[%clk 1:32:18]} 6. Bb3 {[%clk
1:32:24]} a6 {[%clk 1:31:33]} 7. Nbd2 {[%clk 1:31:43]} Ba7 {[%clk 1:29:51]} 8.
h3 {[%clk 1:29:57]} h6 {[%clk 1:29:27]} 9. Nf1 {[%clk 1:23:37]} Qe7 {[%clk
1:15:35]} 10. Ne3 {[%clk 1:18:37]} Bd7 {[%clk 0:51:41]} 11. a4 {[%clk 1:14:13]}
g5 {[%clk 0:44:34]} 12. Bc2 {[%clk 1:06:10]} Bxe3 {[%clk 0:33:54]} 13. Bxe3
{[%clk 1:05:31]} d5 {[%clk 0:31:00]} 14. Qe2 {[%clk 1:02:00]} g4 {[%clk
0:27:58]} 15. hxg4 {[%clk 0:58:54]} Bxg4 {[%clk 0:28:11]} 16. Rxh6 {[%clk
0:57:52]} Rxh6 {[%clk 0:24:59]} 17. Bxh6 {[%clk 0:58:09]} O-O-O {[%clk
0:25:12]} 18. O-O-O {[%clk 0:58:07]} d4 {[%clk 0:22:43]} 19. c4 {[%clk
0:47:39]} b5 {[%clk 0:18:51]} 20. axb5 {[%clk 0:36:51]} axb5 {[%clk 0:19:12]}
21. cxb5 {[%clk 0:30:38]} Nb4 {[%clk 0:17:04]} 22. Bb3 {[%clk 0:27:18]} Qc5+
{[%clk 0:14:56]} 23. Bc4 {[%clk 0:26:06]} Kb7 {[%clk 0:13:28]} 24. Bg5 {[%clk
0:23:02]} Rd6 {[%clk 0:08:28]} 25. Kd2 {[%clk 0:15:21]} c6 {[%clk 0:07:44]} 26.
Rc1 {[%clk 0:12:46]} Qb6 {[%clk 0:07:50]} 27. bxc6+ {[%clk 0:09:36]} Rxc6
{[%clk 0:06:40]} 28. Qd1 {[%clk 0:06:26]} Qa5 {[%clk 0:04:29]} 29. Ke2 {[%clk
0:05:51]} Qb6 {[%clk 0:03:12]} 30. Ra1 {[%clk 0:03:35]} Rxc4 {[%clk 0:01:29]}
31. dxc4 {[%clk 0:02:55]} Nxe4 {[%clk 0:01:29]} 32. Bh4 {[%clk 0:02:55]} d3+
{[%clk 0:01:06]} 33. Kf1 {[%clk 0:03:16]} Qc5 {[%clk 0:00:53]} 34. b3 {[%clk
0:02:43]} Nc3 {[%clk 0:00:59]} 35. Qd2 {[%clk 0:02:20]} Ne4 {[%clk 0:00:41]}
36. Qd1 {[%clk 0:02:39]} Nc3 {[%clk 0:01:01]} 37. Qd2 {[%clk 0:02:38]} Ne4
{[%clk 0:01:13]} 38. Qd1 {[%clk 0:02:25]} Nc3 {[%clk 0:01:39]} 39. Qd2 1/2-1/2

[Event "Deutsche Ländermeisterschaft 2019"]
[Site "Würzburg GER"]
[Date "2019.10.05"]
[Round "6"]
[White "Pavlov, Liliane"]
[Black "Reuter, Elisa"]
[Result "1/2-1/2"]
[Termination "normal"]
[Board "8.6"]
[WhiteElo "1629"]
[BlackElo "1862"]
[WhiteClock "00:24:32"]
[BlackClock "00:31:02"]
[WhiteTeam "Team Süd"]
[BlackTeam "Thüringen"]
[PlyCount "72"]
[WhiteFideId "16225449"]
[BlackFideId "12995444"]
[EventCountry "GER"]
[EventRounds "7"]
[EventType "team-swiss"]
[EventDate "2019.10.01"]

1. d4 {[%clk 1:30:59]} Nf6 {[%clk 1:30:54]} 2. c4 {[%clk 1:31:24]} g6 {[%clk
1:31:20]} 3. Nf3 {[%clk 1:31:47]} Bg7 {[%clk 1:31:45]} 4. g3 {[%clk 1:32:11]}
d5 {[%clk 1:32:11]} 5. cxd5 {[%clk 1:32:25]} Nxd5 {[%clk 1:32:36]} 6. Bg2
{[%clk 1:32:43]} Nb6 {[%clk 1:33:00]} 7. O-O {[%clk 1:32:14]} O-O {[%clk
1:33:24]} 8. Nc3 {[%clk 1:32:23]} Nc6 {[%clk 1:33:23]} 9. e3 {[%clk 1:29:34]}
Re8 {[%clk 1:32:34]} 10. Qe2 {[%clk 1:25:45]} e5 {[%clk 1:29:49]} 11. dxe5
{[%clk 1:25:30]} Nxe5 {[%clk 1:29:51]} 12. Nxe5 {[%clk 1:25:28]} Bxe5 {[%clk
1:29:58]} 13. Rd1 {[%clk 1:25:20]} Qe7 {[%clk 1:29:36]} 14. f4 {[%clk 1:23:05]}
Bg7 {[%clk 1:29:18]} 15. e4 {[%clk 1:23:04]} Be6 {[%clk 1:26:19]} 16. Be3
{[%clk 1:20:45]} Nc4 {[%clk 1:13:11]} 17. Bd4 {[%clk 1:17:14]} Bxd4+ {[%clk
1:11:12]} 18. Rxd4 {[%clk 1:17:28]} Qc5 {[%clk 1:10:33]} 19. Rad1 {[%clk
1:17:10]} Nb6 {[%clk 1:00:13]} 20. Kh1 {[%clk 1:14:10]} c6 {[%clk 0:59:37]} 21.
e5 {[%clk 1:11:08]} f5 {[%clk 0:56:19]} 22. g4 {[%clk 1:00:27]} Qe7 {[%clk
0:53:18]} 23. Bh3 {[%clk 0:51:18]} Rf8 {[%clk 0:49:59]} 24. gxf5 {[%clk
0:49:22]} Bxf5 {[%clk 0:50:18]} 25. Bxf5 {[%clk 0:49:45]} Rxf5 {[%clk 0:50:15]}
26. Qg4 {[%clk 0:48:42]} Raf8 {[%clk 0:48:59]} 27. b4 {[%clk 0:42:05]} Kh8
{[%clk 0:43:22]} 28. a4 {[%clk 0:36:05]} Qf7 {[%clk 0:38:47]} 29. a5 {[%clk
0:30:39]} Nd5 {[%clk 0:37:26]} 30. Nxd5 {[%clk 0:30:05]} cxd5 {[%clk 0:37:51]}
31. Rxd5 {[%clk 0:28:36]} Rxf4 {[%clk 0:38:14]} 32. Qh3 {[%clk 0:28:57]} Rf3
{[%clk 0:37:53]} 33. Qg2 {[%clk 0:28:01]} Rf2 {[%clk 0:37:04]} 34. Qh3 {[%clk
0:27:52]} Rf3 {[%clk 0:31:04]} 35. Qg2 {[%clk 0:26:22]} Rf2 {[%clk 0:31:08]}
36. Qh3 {[%clk 0:24:32]} Rf3 {[%clk 0:31:02]} 1/2-1/2

[Event "Deutsche Ländermeisterschaft 2019"]
[Site "Würzburg GER"]
[Date "2019.10.05"]
[Round "6"]
[White "Bakó, Isabella"]
[Black "Ulrich, Helena Irene"]
[Result "0-1"]
[Termination "normal"]
[Board "8.8"]
[WhiteElo "1266"]
[BlackElo "1355"]
[WhiteClock "00:40:30"]
[BlackClock "00:37:05"]
[WhiteTeam "Team Süd"]
[BlackTeam "Thüringen"]
[PlyCount "116"]
[WhiteFideId "16287266"]
[BlackFideId "16256000"]
[EventCountry "GER"]
[EventRounds "7"]
[EventType "team-swiss"]
[EventDate "2019.10.01"]

1. e4 {[%clk 1:30:55]} c5 {[%clk 1:30:55]} 2. Nf3 {[%clk 1:31:13]} Nc6 {[%clk
1:31:18]} 3. d4 {[%clk 1:31:22]} cxd4 {[%clk 1:31:41]} 4. Nxd4 {[%clk 1:31:28]}
Nf6 {[%clk 1:32:03]} 5. Nc3 {[%clk 1:31:27]} e5 {[%clk 1:32:24]} 6. Nf5 {[%clk
1:31:36]} d6 {[%clk 1:29:11]} 7. Ne3 {[%clk 1:30:25]} Be6 {[%clk 1:27:40]} 8.
Bc4 {[%clk 1:28:49]} Bxc4 {[%clk 1:20:02]} 9. Nxc4 {[%clk 1:29:02]} Be7 {[%clk
1:18:19]} 10. Be3 {[%clk 1:26:23]} O-O {[%clk 1:16:21]} 11. O-O {[%clk
1:25:31]} a6 {[%clk 1:13:24]} 12. Nb6 {[%clk 1:23:43]} Rb8 {[%clk 1:12:12]} 13.
Qe2 {[%clk 1:20:22]} Nd4 {[%clk 1:10:38]} 14. Bxd4 {[%clk 1:19:40]} exd4 {[%clk
1:11:07]} 15. Nca4 {[%clk 1:19:14]} Nd7 {[%clk 1:10:04]} 16. Nxd7 {[%clk
1:19:02]} Qxd7 {[%clk 1:10:32]} 17. Nb6 {[%clk 1:18:38]} Qc6 {[%clk 1:09:49]}
18. Nd5 {[%clk 1:18:02]} Rfe8 {[%clk 1:08:47]} 19. Rad1 {[%clk 1:17:28]} Rbc8
{[%clk 1:02:01]} 20. Rd2 {[%clk 1:16:15]} Bg5 {[%clk 1:00:18]} 21. f4 {[%clk
1:13:51]} Bd8 {[%clk 0:59:17]} 22. f5 {[%clk 1:07:52]} Bg5 {[%clk 0:56:40]} 23.
Rxd4 {[%clk 1:07:03]} Qxc2 {[%clk 0:55:42]} 24. Rf2 {[%clk 1:04:30]} Qxe2
{[%clk 0:49:18]} 25. Rxe2 {[%clk 1:04:33]} Re5 {[%clk 0:47:20]} 26. Nb6 {[%clk
1:03:19]} Rce8 {[%clk 0:46:21]} 27. Nc4 {[%clk 1:02:24]} R5e7 {[%clk 0:44:05]}
28. Nxd6 {[%clk 1:02:35]} Rd8 {[%clk 0:42:13]} 29. Rd5 {[%clk 1:02:07]} Bf4
{[%clk 0:41:53]} 30. e5 {[%clk 0:58:52]} f6 {[%clk 0:37:02]} 31. g3 {[%clk
0:55:59]} Bxe5 {[%clk 0:36:57]} 32. Red2 {[%clk 0:56:02]} Red7 {[%clk 0:36:16]}
33. b3 {[%clk 0:47:44]} Rxd6 {[%clk 0:36:32]} 34. Rxd6 {[%clk 0:46:59]} Rxd6
{[%clk 0:37:00]} 35. Rxd6 {[%clk 0:47:11]} Bxd6 {[%clk 0:37:28]} 36. Kf2 {[%clk
0:47:08]} Kf7 {[%clk 0:37:36]} 37. Ke3 {[%clk 0:47:06]} Ke7 {[%clk 0:36:02]}
38. Kd4 {[%clk 0:46:49]} Kd7 {[%clk 0:35:56]} 39. Kd5 {[%clk 0:43:16]} b6
{[%clk 0:36:06]} 40. a4 {[%clk 0:42:04]} h5 {[%clk 0:34:50]} 41. Kc4 {[%clk
0:41:45]} Kc6 {[%clk 0:34:35]} 42. b4 {[%clk 0:41:14]} b5+ {[%clk 0:34:49]} 43.
Kb3 {[%clk 0:40:25]} bxa4+ {[%clk 0:33:51]} 44. Kxa4 {[%clk 0:40:42]} Kb6
{[%clk 0:34:20]} 45. Kb3 {[%clk 0:39:07]} Kb5 {[%clk 0:34:44]} 46. Kc3 {[%clk
0:39:23]} Bxb4+ {[%clk 0:34:52]} 47. Kb3 {[%clk 0:39:41]} a5 {[%clk 0:35:04]}
48. Ka2 {[%clk 0:39:54]} a4 {[%clk 0:34:53]} 49. Ka1 {[%clk 0:39:52]} Bc3+
{[%clk 0:35:12]} 50. Ka2 {[%clk 0:40:11]} Kb4 {[%clk 0:35:40]} 51. Kb1 {[%clk
0:40:20]} Kb3 {[%clk 0:35:47]} 52. Kc1 {[%clk 0:40:40]} a3 {[%clk 0:36:15]} 53.
Kd1 {[%clk 0:40:10]} a2 {[%clk 0:36:39]} 54. Ke2 {[%clk 0:40:19]} a1=Q {[%clk
0:37:04]} 55. Ke3 {[%clk 0:40:19]} Qe1+ {[%clk 0:36:42]} 56. Kd3 {[%clk
0:40:22]} Bd2 {[%clk 0:36:23]} 57. Kd4 {[%clk 0:40:14]} Qe5+ {[%clk 0:36:42]}
58. Kd3 {[%clk 0:40:30]} Qe3# {[%clk 0:37:05]} 0-1